Giáo trình sinh thái học vi sinh vật

Sinh thái học vi sinh vật là phạm trù nghiên cứu về sự phân bố, thành phần, đặc điểm sinh lý, sinh hóa trong không gian vi sinh vật hiện diện, sự tương tác giữa các vi sinh vật với nhau, với sinh vật khác và với môi trường sống của chúng....

Ausführliche Beschreibung

Gespeichert in:
Bibliographische Detailangaben
1. Verfasser: Ngô, Thanh Phong
Format: Buch
Sprache:Undetermined
Veröffentlicht: Cần Thơ Nxb. Đại học Cần Thơ 2017
Schlagworte:
Tags: Tag hinzufügen
Keine Tags, Fügen Sie den ersten Tag hinzu!
Thư viện lưu trữ: Trung tâm Học liệu Trường Đại học Cần Thơ
LEADER 01374nam a2200229Ia 4500
001 CTU_223783
008 210402s9999 xx 000 0 und d
020 |c 153000 
082 |a 579 
082 |b Ph431 
100 |a Ngô, Thanh Phong 
245 0 |a Giáo trình sinh thái học vi sinh vật 
245 0 |c Ngô Thanh Phong, Bùi Tấn Anh 
260 |a Cần Thơ 
260 |b Nxb. Đại học Cần Thơ 
260 |c 2017 
520 |a Sinh thái học vi sinh vật là phạm trù nghiên cứu về sự phân bố, thành phần, đặc điểm sinh lý, sinh hóa trong không gian vi sinh vật hiện diện, sự tương tác giữa các vi sinh vật với nhau, với sinh vật khác và với môi trường sống của chúng. Sự phát triển vượt bậc của các phương tiện nghiên cứu sinh học và kĩ thuật mới trong việc cải tiến vật liệu là điều kiện thuận lợi để phân ngành sinh thái học vi sinh vật phát triển vượt bậc. 
526 |a Quản lý các hệ sinh thái 
526 |b MTQ618 
650 |a Microbiology,Microorganisms,Vi sinh vật,Vi trùng học 
910 |a Tuyến 
980 |a Trung tâm Học liệu Trường Đại học Cần Thơ